[Event "Gonen Memorial"]
[Site "Beersheba"]
[Date "2000.02.25"]
[Round "3"]
[White "Mittelman, Gur"]
[Black "Tyomkin, Dimitri"]
[Result "1/2-1/2"]
[WhiteElo "2443"]
[BlackElo "2516"]
[Annotator "Tyomkin,D"]
[PlyCount "101"]
[EventDate "2000.02.??"]
[EventType "swiss"]
[EventRounds "5"]
[EventCountry "ISR"]
[EventCategory "4"]
[SourceTitle "CBM 077"]
[Source "ChessBase"]
[SourceDate "2000.07.27"]
[SourceVersion "1"]
[SourceVersionDate "2000.07.27"]
[SourceQuality "1"]

1. d4 d5 2. c4 c6 3. cxd5 cxd5 4. Nf3 Nf6 5. Nc3 Nc6 6. Bf4 Ne4 {That is the
way to get rid of simmetrical pawn structure in Slav Exchange. This move
brought me few wins against lower rated players.} 7. e3 Nxc3 8. bxc3 g6 9. Ne5
$5 Bg7 10. Bb5 Bxe5 11. Bxe5 O-O 12. Bg3 $5 $146 {White shows the way to play
for advantage in this line. The previous attempt of white in this position
just leads to the equal position with opposite colour bishops.} (12. Bxc6 bxc6
13. Qa4 Bf5 14. O-O Qb6 15. Qb4 (15. Rfd1 f6 16. Bg3 Qb5 $11 {0-1 Bouaziz,
S-Rausis,I/Dubai UAE 1999 (60)}) 15... Rfe8 16. h3 f6 $11 {1/2-1/2 Ivanov,
I-Shabalov,A/New York 1994 (29)}) (12. Bf4 $5) 12... Na5 {[%csl Yc4] Blacks
plan is to take control over c-file, pressing on c3-pawn, and c4 is an outpost
for the knight.} (12... Qa5 $6 13. Qb3 Bd7 14. Bd3 $14) (12... Bf5 $5) 13. Bd3
(13. O-O b6 $5 {[%cal Gc8b7,Ya8c8]} (13... Bf5 14. Qa4 Rc8 15. Qb4 Qb6 16. Be2
$14)) 13... b6 (13... Bf5 14. Bxf5 gxf5 15. Qh5 e6 (15... Qd7 16. Bf4 $40) 16.
Bf4 {/\Bh6, /\g4} Qf6 {and black succesfully defended his king.}) 14. O-O Bb7 {
[%cal Gd8c8,Yb7a6] /\Qc8,Ba6 Black has a strategical threat to exchanfe light
square bishops.} 15. Qe2 Rc8 16. Rac1 Qd7 17. h4 {[%cal Gh4h5] White is trying
to create weaknesses on the kingside.} h5 18. Bf4 Qe6 19. f3 Nc4 20. e4 b5 $11
21. Rfe1 Rfe8 {[%csl Ye7]} 22. Qf2 a6 23. e5 Rc6 $6 {This move cuts out the
black queen, which will be sensative while white push f3-f4-f5.} (23... Rc7
$142 {[%cal Ye6b6]} 24. Bg5 Bc8 {[%cal Gc8d7]}) 24. Bg5 Bc8 25. Kh2 Bd7 26. Rf1
Kg7 (26... Rec8 27. f4 Nb6 28. f5 gxf5 29. Qe2 Qg6 30. Bxe7 $16) 27. Rce1 Nb6
28. f4 $1 Rxc3 (28... Qg4 $2 29. f5 {[%csl Rg4][%cal Rd3e2]}) 29. f5 $1 {
White breaks out the kingside and black doesnt have enough resources in
defense.} gxf5 30. Re3 Rxd3 (30... b4 31. Rg3 Rxd3 32. Rxd3 $16) 31. Rxd3 Rh8 {
The material is balanced, but blacks position is almost defendless because of
passive pieces and weaknesses all around.} 32. Rg3 Kf8 33. Qd2 {[%cal Yd2b4,
Yb4a5]} Ke8 34. Qb4 {[%csl Re7][%cal Gg3f3,Rf3f5]} Kd8 {Black can not prevent
the loss of one of his pawns. In this point I was thinking to give up, but...
I had a large experience in completely losing positions, and just started to
look for practical chances.} (34... Nc4 35. Rgf3 $16) 35. Rgf3 f6 {The best
way I have seen just to go to the ending.} (35... Nc4 36. Rxf5 Rh7 37. Rf6 $1
$18) 36. exf6 exf6 37. Re1 Qc6 38. Qe7+ Kc8 39. Qg7 $1 (39. Qxf6 Qxf6 40. Bxf6
Rh6 41. Bg5 Rc6 {[%cal Gc6c2] with some counterplay.}) 39... Qd6+ 40. Bf4 Qf8
41. Rg3 Qxg7 42. Rxg7 {The ending is clearly hopeless for black, but still I
have some practical chances.} Nc4 43. Ree7 Rd8 44. Ref7 a5 45. Rxf6 b4 46. Bg5
(46. Rh7 $142 Re8 (46... a4 $140 47. Ra6 $18) 47. Rff7 Nb6 48. Bd6 $18 {
[%cal Gd6c5]}) 46... Re8 47. Ra6 Kb7 48. Rh6 Kc8 49. Be7 (49. Rhh7 Nb6 50. Be7
Ba4 (50... Bb5 51. Bxb4 $1 axb4 52. Rc7+ Kd8 53. Rb7 $18) 51. Rxh5 $18) 49...
Ne3 50. Rhh7 f4 51. Kg1 {Here my opponent has offered me a draw because of
just two minutes left on his clock to finish the game.I did not want to try to
beat him, winning on time, because of my position is still much worse.} (51.
Kg1 Nf5 52. Rf7 Be6 53. Rf8 (53. Rf6 Bg8 $17) 53... Rxf8 54. Bxf8 Nxd4 55. Rxh5
Ne2+ 56. Kf2 Nc3 57. Re5 $16 {[%cal Rh4h5,Rh5h6]}) 1/2-1/2

[Event "Saint Louis Spring-A"]
[Site "Saint Louis"]
[Date "2019.03.10"]
[Round "9"]
[White "Xiong, Jeffery"]
[Black "Robson, Ray"]
[Result "1-0"]
[WhiteElo "2663"]
[BlackElo "2667"]
[Annotator "Yermolinsky,A"]
[PlyCount "109"]
[EventDate "2019.03.02"]
[EventType "tourn"]
[EventRounds "9"]
[EventCountry "USA"]
[EventCategory "17"]
[SourceTitle "CBM 189"]
[Source "ChessBase"]
[SourceDate "2019.04.29"]
[SourceVersion "1"]
[SourceVersionDate "2019.04.29"]
[SourceQuality "1"]

1. Nf3 d5 2. d4 Nf6 3. c4 c6 4. cxd5 cxd5 5. Nc3 Nc6 6. Bf4 a6 7. Rc1 Bf5 8. e3
e6 9. Qb3 Nh5 10. Be5 f6 11. Bg3 Nxg3 12. hxg3 Bg6 13. Nh4 Bf7 14. Bd3 f5 15.
g4 g6 16. gxf5 exf5 17. Nf3 Bd6 18. O-O O-O 19. Ne2 Na5 20. Qd1 Qf6 21. Qa4 Nc4
22. Qc2 Na5 23. Ne5 $1 {An excellent positional pawn sacrifice.} Bxe5 24. dxe5
Qxe5 25. Qc7 Qxc7 26. Rxc7 {[#]} Rfc8 $2 ({The way to solve problems lied in} 
26... Rab8 27. b3 (27. Rfc1 Nc4 28. b3 Ne5 {and the stray knight returns.})
27... Rfc8 28. Rfc1 Nc6 $1 {depraving White of all Bxa6 ideas.}) 27. Rfc1 Rxc7
28. Rxc7 {[#]} d4 {Finding himself in a spot of trouble Ray tries to
counterattack, but everything becomes very forced, and in the end White always
stays on top.} ({Now} 28... Rb8 29. b3 Nc6 {is well met by} 30. Bxa6 {but
still, the line continues:} Nd8 31. Bd3 Ne6 {evicting the offending rook with
good prospects of defending successfully.}) 29. Nxd4 Bxa2 30. b4 Nc6 31. Nxc6
bxc6 32. Rxc6 a5 33. b5 a4 (33... Kf8 34. b6 Rb8 35. Ba6 Bd5 36. Rc8+ {leads
to the same thing: White is going to be up a piece.}) 34. b6 Rb8 35. Ba6 Kg7
36. b7 Bd5 37. Rc5 Be6 38. Rc8 Rxb7 39. Bxb7 Bxc8 40. Bxc8 Kf6 41. Ba6 Ke5 {
[#] Smoke cleared, and White is facing a difficult technical task.} 42. f3 $1 (
{The direct} 42. f4+ Kd5 43. Bd3 a3 44. Bb1 Kc4 45. Ba2+ {works well in case of
} Kc3 ({but not against the crafty} 45... Kd3 $1 46. Kf2 h5 47. g3 Kd2 48. Kf3
Kd3 49. Bf7 Kd2 50. e4 fxe4+ 51. Kxe4 Ke2 $1) 46. Bf7 Kb2 47. e4 $1 fxe4 48.
Kf2 a2 49. Bxa2 Kxa2 50. g4) 42... f4 $1 ({Another interesting line is} 42...
Kd5 43. Bb5 (43. Bd3 a3 44. Bb1 Kc4 45. Ba2+ Kd3 {is the same thing.}) 43... a3
44. Be8 Kc4 45. Kf2 Kd3 46. Bf7 {[#] and now it's not obvious how White wins
after} h5 47. Bd5 g5 {The solution is} 48. Be6 $1 ({but not} 48. e4 Kd4 $1)
48... Kc3 49. g3 h4 50. g4 $1 fxg4 51. fxg4 Kd3 (51... Kb4 52. e4 Kc5 53. Ke3
Kd6 54. Ba2 Ke5 55. Bd5 {It's easy to zugzwang when you're up a bishop.}) 52.
Bd5 Kc3 53. Ke2 Kb4 54. e4 Kc5 55. Ke3 Kd6 56. Kd4 Ke7 57. e5 Kd7 58. Kc3 {
going after the a-pawn.}) 43. Kf2 a3 44. Bc4 h5 45. exf4+ Kxf4 46. g3+ Kf5 47.
Ba2 g5 48. Ke3 {[#] Sorry to say that, but it's not the first time Ray Robson
goes wrong in the endgame.} Ke5 $2 {Waiting is hopeless.} ({Perhaps, salvation
could have found in} 48... g4 $1 49. Bb1+ Kg5 50. f4+ Kf6 51. Ke4 Ke6 52. Ba2+
Kf6 53. Kd4 Ke7 54. Kc3 Kd6 $1 {taking control of d5, and therefore planning
the break h5-h4. I don't see how White wins this. Maybe my dear readers can
help.}) 49. Bb1 Kf6 ({Too late to try} 49... g4 {on account of} 50. fxg4 hxg4
51. Ba2) 50. Ke4 Ke6 51. Ba2+ Kf6 52. Bb3 Kg6 53. Ke5 Kg7 54. Kf5 Kh6 55. Ba2
1-0

[Event "St Petersburg op2"]
[Site "St Petersburg"]
[Date "1994.??.??"]
[Round "2"]
[White "Irzhanov, Ruslan"]
[Black "Zagrebelny, Sergey"]
[Result "0-1"]
[WhiteElo "2430"]
[BlackElo "2515"]
[Annotator "Zagrebelny,S"]
[PlyCount "74"]
[EventDate "1994.10.??"]
[EventType "swiss"]
[EventRounds "9"]
[EventCountry "RUS"]
[SourceTitle "CBM 043 Extra"]
[Source "ChessBase"]
[SourceDate "1995.01.01"]
[SourceVersion "1"]
[SourceVersionDate "1995.01.01"]
[SourceQuality "1"]

1. d4 d5 2. c4 c6 3. Nc3 Nf6 4. Nf3 a6 5. cxd5 cxd5 6. Bf4 Nc6 7. e3 e6 (7...
Bg4 $5) (7... Bf5 $5) 8. Bd3 Be7 9. Ne5 Nxe5 (9... Bd7 $5 {Salov,V-Kamsky,G/
Madrid/1994/}) 10. Bxe5 (10. dxe5 Nd7 11. Qg4 $10 (11. Rc1 $10) 11... g5 $1 12.
Bg3 h5 $19) 10... b5 11. O-O O-O 12. f4 (12. Rc1 $32 Bb7 13. f3) 12... g6 $1 (
12... Nd7 $2 13. Bxh7+ $1 Kxh7 14. Qh5+ Kg8 15. Bxg7 $1 Kxg7 $2 (15... f6 $2
16. Rf3 Qe8 17. Qh8+ Kf7 18. Qh7 $18) (15... f5 16. Bxf8 Nxf8 $8 (16... Qxf8 $2
17. Qg6+ Qg7 18. Qxe6+ Qf7 19. Qxd5 $18) 17. g4 $1 $16) 16. Qg4+ Kh8 17. Rf3
Nf6 18. Rh3+ Nh7 19. Qh5 $18) 13. Bxf6 $10 Bxf6 14. b4 Bd7 15. Qb3 (15. a4 Qb6
$1 16. a5 Qd6 $10) 15... Qb6 16. Kh1 Be7 17. Rfb1 Rfb8 18. h3 Qd6 (18... Bd6 {
>=Bd6,Qd8-e7,Kh8,Rg8,g5|^/}) 19. a3 Kh8 20. Qd1 Rc8 (20... Rg8 21. a4 $1) 21.
Rc1 Qb6 22. Na2 (22. Ne2 a5 23. Rxc8+ Bxc8 $17) 22... Rg8 23. Rc2 g5 24. Qf3 f5
25. fxg5 Rxg5 26. Bf1 Bd6 27. Nc1 Be8 $2 (27... f4 28. exf4 Qxd4 29. fxg5 Qxa1
30. Nb3 Qe5 $17) 28. Nd3 Bh5 29. Qf2 Bg3 30. Qd2 Rag8 31. Rac1 Qd8 32. Nf4 $6 (
32. Rc6 $5 R5g6 33. Rxa6 Qh4 $40) 32... Bxf4 33. exf4 Rg3 34. Rc3 Qh4 35. Rxg3
$2 Rxg3 36. Qe1 Qxf4 $19 37. Rc8+ (37. Qxe6 Rxh3+ $1 (37... Qxc1 38. Qe5+) 38.
gxh3 (38. Kg1 Qh2+ 39. Kf2 Rf3+ $19) 38... Bf3+ 39. Bg2 Qxc1+ 40. Kh2 Qf4+ $19)
37... Kg7 $138 0-1